01159 2200337 4500001002100000005001500021035002000036007000300056008004100059020002200100040002200122082001400144084001600158090002200174100003900196245016700235250001900402300003000421650002100451700004300472700003500515700005100550850001200601504002500613264006500638336002100703337003000724338002300754999002200777990002200799INLIS00000000089517920250424025410 a0010-0425000428ta250416s2023 yoi g ind d a978-623-8276-02-8 aYOPDYOGbinderda04223a174.2 a174.2 SIA m aCB.D.11 2023-61433 aSiagian, Jonathan WillyePengarang10aMoral & profesionalisme dalam praktik kedokteran /cJonathan Willy Siagian, Slamet Sunarno Harjosuwarno, Lucas Nando Nugraha, Silvester Haripurnomo, Kushadiwijaya aCetakan : 2023 aviii, 80 halaman ;c20 cm 4aEtika kedokteran0 aSlamet Sunarno HarjosuwarnoePengarang0 aLucas Nando NugrahaePengarang0 aSilvester Haripurnomo KushadiwijayaePengarang aYOPDYOG atermasuk bibliografi34aYogyakarta :bYayasan taman pustaka kristen indonesia,c2023 2rdacontentateks 2rdamediaatanpa perantara 2rdacarrieravolume aCB-D.11/2023-6143 aCB-D.11/2023-6143